Normal view
MARC view
- DS Lt Col Shahid Choudry
Entry Personal Name
001 - CONTROL NUMBER
- control field: 47900
003 - CONTROL NUMBER IDENTIFIER
- control field: NUST
005 - DATE AND TIME OF LATEST TRANSACTION
- control field: 20210314133927.0
008 - FIXED-LENGTH DATA ELEMENTS
- fixed length control field: 210314|| aca||aabn | a|a d
040 ## - CATALOGING SOURCE
- Original cataloging agency: NUST
- Transcribing agency: NUST
100 ## - HEADING--PERSONAL NAME
- Personal name: DS Lt Col Shahid Choudry
670 ## - SOURCE DATA FOUND
- Source citation: Work cat.: (NUST): GC Kashif Wasim 47899, Structural Projects Analysis of Three Dimensional Trusses, 10.12.95
